Effective English: (Record no. 189378)

MARC details
000 -LEADER
fixed length control field 00630nam a22001817a 4500
005 - DATE AND TIME OF LATEST TRANSACTION
control field 20220627120257.0
010 ## - LCCN (DPL NO)
LC control number ENG-133388
020 ## - INTERNATIONAL STANDARD BOOK NUMBER
International Standard Book Number 9788183822695
Terms of availability 125.00
035 ## - SYSTEM CONTROL NUMBER
System control number EN-116920
037 ## - SOURCE OF ACQUISITION
Source of stock number/acquisition DBAD/PUB
082 ## - DEWEY DECIMAL CLASSIFICATION NUMBER
Classification number 480
100 ## - MAIN ENTRY--PERSONAL NAME
Personal name Gupta, Reena
245 ## - TITLE STATEMENT
Title Effective English:
Remainder of title A Boon for Learners/
Statement of responsibility, etc Reena Gupta
260 ## - PUBLICATION, DISTRIBUTION, ETC. (IMPRINT)
Place of publication, distribution, etc New Delhi
Name of publisher, distributor, etc Lotus Press Publishers & Distributors
Date of publication, distribution, etc 2012
270 ## - ADDRESS
Address Unit No. 220, Second Floor, 4737/22, Prakash Deep Building, Ansari Road, Daryaganj
City New Delhi
Postal code 110002
Telephone number 32903912
Electronic mail address lotus_press@sify.com
300 ## - PHYSICAL DESCRIPTION
Extent 208p.
Dimensions 22cm(pbk)
942 ## - ADDED ENTRY ELEMENTS (KOHA)
Source of classification or shelving scheme Dewey Decimal Classification
Item type English Books
Classification part 480
Call number suffix GUP
Holdings
Withdrawn status Lost status Not for loan Collection code Home library Current library Date acquired Source of acquisition Cost, normal purchase price Full call number Barcode Copy number Cost, replacement price Koha item type
      Non-fiction Ashok Vihar Ashok Vihar 27/06/2022 DBAD/PUB 125.00 480 GUP EN-116920 1 125.00 English Books

© Delhi Public Library
Hit Counter
free hit counter